[Event "TeamRussiawomen"]
[Site "?"]
[Date "2016.10.06"]
[Round "5.5"]
[White "Galliamova, Alisa"]
[Black "Vasilevich, Tatjana"]
[Result "1/2-1/2"]
[LiveChessVersion "1.4.4"]
[BlackElo "2400"]
[WhiteElo "2428"]

1. d4 {[%clk 0:15:18]} Nf6 {[%clk 0:15:15]} 2. Nf3 {[%clk 0:15:26]} e6
{[%clk 0:15:22]} 3. e3 {[%clk 0:15:33]} d5 {[%clk 0:15:10]} 4. Bd3
{[%clk 0:15:36]} Bd6 {[%clk 0:14:52]} 5. O-O {[%clk 0:15:40]} O-O
{[%clk 0:15:01]} 6. b3 {[%clk 0:15:11]} Ne4 {[%clk 0:14:49]} 7. Bb2
{[%clk 0:15:05]} b6 {[%clk 0:14:48]} 8. c4 {[%clk 0:13:58]} Bb7 {[%clk 0:14:50]}
9. Nc3 {[%clk 0:10:50]} a6 {[%clk 0:14:55]} 10. Qc2 {[%clk 0:10:07]} f5
{[%clk 0:15:02]} 11. Ne5 {[%clk 0:09:43]} Nd7 {[%clk 0:13:08]} 12. Ne2
{[%clk 0:09:35]} Bxe5 {[%clk 0:07:36]} 13. dxe5 {[%clk 0:09:42]} Ndc5
{[%clk 0:07:41]} 14. Nf4 {[%clk 0:08:25]} Nxd3 {[%clk 0:06:57]} 15. Qxd3
{[%clk 0:08:29]} Re8 {[%clk 0:03:13]} 16. f3 {[%clk 0:07:37]} Nc5
{[%clk 0:03:14]} 17. Qc2 {[%clk 0:07:35]} dxc4 {[%clk 0:03:18]} 18. Qxc4
{[%clk 0:07:36]} a5 {[%clk 0:02:18]} 19. Rfd1 {[%clk 0:07:36]} Qc8
{[%clk 0:02:00]} 20. Ba3 {[%clk 0:07:03]} Ba6 {[%clk 0:01:28]} 21. Qc3
{[%clk 0:06:55]} Nb7 {[%clk 0:01:10]} 22. Rd2 {[%clk 0:06:22]} c5
{[%clk 0:01:09]} 23. Rad1 {[%clk 0:06:26]} Qc6 {[%clk 0:01:17]} 24. h4
{[%clk 0:03:47]} Rad8 {[%clk 0:01:26]} 25. h5 {[%clk 0:03:54]} Rxd2
{[%clk 0:00:49]} 26. Rxd2 {[%clk 0:03:57]} Rd8 {[%clk 0:00:52]} 27. Bc1
{[%clk 0:03:34]} Kf7 {[%clk 0:00:39]} 28. Rxd8 {[%clk 0:03:18]} Nxd8
{[%clk 0:00:48]} 29. Qd2 {[%clk 0:03:27]} Nb7 {[%clk 0:00:40]} 30. Kf2
{[%clk 0:03:15]} Qc7 {[%clk 0:00:31]} 31. Bb2 {[%clk 0:03:14]} Qd8
{[%clk 0:00:37]} 32. Qc1 {[%clk 0:02:08]} Qd7 {[%clk 0:00:35]} 33. Qc2
{[%clk 0:01:39]} Nd8 {[%clk 0:00:38]} 34. Bc3 {[%clk 0:01:29]} Nc6
{[%clk 0:00:45]} 35. g4 {[%clk 0:01:30]} g6 {[%clk 0:00:29]} 36. hxg6+
{[%clk 0:01:15]} hxg6 {[%clk 0:00:38]} 37. Kg3 {[%clk 0:01:09]} g5
{[%clk 0:00:13]} 38. Nh3 {[%clk 0:01:15]} Bd3 {[%clk 0:00:19]} 39. Nxg5+
{[%clk 0:01:15]} Kg6 {[%clk 0:00:27]} 40. Qh2 {[%clk 0:01:23]} fxg4
{[%clk 0:00:28]} 41. fxg4 {[%clk 0:01:19]} Qe7 {[%clk 0:00:22]} 42. Nh3
{[%clk 0:01:17]} Kg7 {[%clk 0:00:27]} 43. Nf4 {[%clk 0:01:24]} Bg6
{[%clk 0:00:27]} 44. Nxg6 {[%clk 0:00:52]} Kxg6 {[%clk 0:00:36]} 45. Qh5+
{[%clk 0:01:00]} Kg7 {[%clk 0:00:44]} 46. g5 {[%clk 0:01:09]} Qd7
{[%clk 0:00:31]} 47. Qh6+ {[%clk 0:01:15]} Kg8 {[%clk 0:00:40]} 48. Qg6+
{[%clk 0:01:16]} Kf8 {[%clk 0:00:44]} 49. Qf6+ {[%clk 0:01:22]} Kg8
{[%clk 0:00:53]} 50. Qg6+ {[%clk 0:00:45]} Kf8 {[%clk 0:01:02]} 51. Qe4
{[%clk 0:00:44]} Kg8 {[%clk 0:00:53]} 52. a3 {[%clk 0:00:46]} Kg7
{[%clk 0:00:57]} 53. b4 {[%clk 0:00:36]} axb4 {[%clk 0:00:28]} 54. axb4
{[%clk 0:00:45]} cxb4 {[%clk 0:00:32]} 55. Bxb4 {[%clk 0:00:54]} Nxb4
{[%clk 0:00:17]} 56. Qxb4 {[%clk 0:01:02]} Qd5 {[%clk 0:00:18]} 57. Kf4
{[%clk 0:01:01]} Kg6 {[%clk 0:00:14]} 58. Qxb6 {[%clk 0:00:54]} Qc4+
{[%clk 0:00:20]} 59. Kg3 {[%clk 0:00:40]} Kxg5 {[%clk 0:00:27]} 60. Qd4
{[%clk 0:00:43]} Qb3 {[%clk 0:00:20]} 61. Qf4+ {[%clk 0:00:42]} Kg6
{[%clk 0:00:27]} 62. Kh4 {[%clk 0:00:50]} Qd5 {[%clk 0:00:31]} 63. Qg3+
{[%clk 0:00:38]} Kh6 {[%clk 0:00:36]} 64. Qf4+ {[%clk 0:00:19]} Kg6
{[%clk 0:00:46]} 65. Qf6+ {[%clk 0:00:26]} Kh7 {[%clk 0:00:54]} 66. Qf7+
{[%clk 0:00:20]} Kh6 {[%clk 0:01:02]} 67. Qh5+ {[%clk 0:00:28]} Kg7
{[%clk 0:01:11]} 68. Qg4+ {[%clk 0:00:23]} Kh6 {[%clk 0:01:19]} 69. Qf4+
{[%clk 0:00:28]} Kg6 {[%clk 0:01:27]} 70. e4 {[%clk 0:00:32]} Qd8+
{[%clk 0:01:12]} 71. Kg4 {[%clk 0:00:25]} Qd1+ {[%clk 0:01:14]} 72. Qf3
{[%clk 0:00:33]} Qxf3+ {[%clk 0:00:32]} 73. Kxf3 {[%clk 0:00:41]} Kh5
{[%clk 0:00:28]} 74. Kf4 {[%clk 0:00:21]} Kh4 {[%clk 0:00:37]} 75. Kf3
{[%clk 0:00:27]} Kh5 {[%clk 0:00:46]} 76. Kf4 {[%clk 0:00:18]} 1/2-1/2

[Event "TeamRussiawomen"]
[Site "?"]
[Date "2016.10.06"]
[Round "5.6"]
[White "Gritsayeva, Oksana"]
[Black "Ambartsumova, Karina"]
[Result "1-0"]
[LiveChessVersion "1.4.4"]
[BlackElo "2376"]
[WhiteElo "2330"]

1. b3 {[%clk 0:15:19]} d5 {[%clk 0:13:50]} 2. Bb2 {[%clk 0:15:28]} Nf6
{[%clk 0:13:57]} 3. e3 {[%clk 0:15:33]} g6 {[%clk 0:13:26]} 4. c4
{[%clk 0:15:29]} c6 {[%clk 0:12:24]} 5. Nf3 {[%clk 0:15:29]} Bg7 {[%clk 0:12:28]}
6. Be2 {[%clk 0:15:29]} O-O {[%clk 0:12:33]} 7. O-O {[%clk 0:15:37]} Nbd7
{[%clk 0:12:18]} 8. Nc3 {[%clk 0:15:10]} Ne4 {[%clk 0:10:29]} 9. Qc2
{[%clk 0:15:03]} Nxc3 {[%clk 0:10:24]} 10. Bxc3 {[%clk 0:15:07]} Nf6
{[%clk 0:10:17]} 11. cxd5 {[%clk 0:14:41]} cxd5 {[%clk 0:09:08]} 12. Be5
{[%clk 0:14:36]} Bf5 {[%clk 0:08:55]} 13. Qb2 {[%clk 0:14:44]} Bg4
{[%clk 0:06:56]} 14. Rac1 {[%clk 0:14:16]} Ne8 {[%clk 0:06:36]} 15. h3
{[%clk 0:13:40]} Bxe5 {[%clk 0:04:31]} 16. Qxe5 {[%clk 0:13:47]} f6
{[%clk 0:04:38]} 17. Qc3 {[%clk 0:13:05]} Be6 {[%clk 0:04:46]} 18. Nd4
{[%clk 0:12:30]} Bf7 {[%clk 0:04:55]} 19. Bg4 {[%clk 0:11:51]} Qb6
{[%clk 0:04:51]} 20. Qc5 {[%clk 0:11:24]} Qxc5 {[%clk 0:04:24]} 21. Rxc5
{[%clk 0:11:32]} f5 {[%clk 0:03:24]} 22. Be2 {[%clk 0:11:40]} e5 {[%clk 0:03:02]}
23. Nf3 {[%clk 0:11:37]} e4 {[%clk 0:02:51]} 24. Ne5 {[%clk 0:11:02]} Rd8
{[%clk 0:02:39]} 25. d4 {[%clk 0:10:08]} Be6 {[%clk 0:02:42]} 26. Rfc1
{[%clk 0:10:05]} Nd6 {[%clk 0:01:54]} 27. Kf1 {[%clk 0:09:13]} Rc8
{[%clk 0:02:03]} 28. Ke1 {[%clk 0:09:21]} Rxc5 {[%clk 0:01:50]} 29. dxc5
{[%clk 0:08:16]} Nf7 {[%clk 0:01:51]} 30. Nxf7 {[%clk 0:08:22]} Kxf7
{[%clk 0:02:00]} 31. Kd2 {[%clk 0:08:22]} Rc8 {[%clk 0:02:07]} 32. b4
{[%clk 0:08:18]} Kf6 {[%clk 0:01:26]} 33. f4 {[%clk 0:07:08]} exf3
{[%clk 0:01:34]} 34. gxf3 {[%clk 0:07:17]} g5 {[%clk 0:00:53]} 35. Bd3
{[%clk 0:06:52]} h6 {[%clk 0:00:59]} 36. a4 {[%clk 0:06:26]} Ke5 {[%clk 0:00:44]}
37. Re1 {[%clk 0:06:27]} Bd7 {[%clk 0:00:35]} 38. a5 {[%clk 0:06:24]} Rc7
{[%clk 0:00:19]} 39. f4+ {[%clk 0:05:48]} Kf6 {[%clk 0:00:29]} 40. Kc3
{[%clk 0:05:22]} g4 {[%clk 0:00:37]} 41. Kd4 {[%clk 0:05:21]} Be6
{[%clk 0:00:45]} 42. hxg4 {[%clk 0:05:00]} fxg4 {[%clk 0:00:52]} 43. Rh1
{[%clk 0:05:04]} Kg7 {[%clk 0:01:00]} 44. Ke5 {[%clk 0:04:49]} Bf7
{[%clk 0:01:08]} 45. f5 {[%clk 0:03:56]} Re7+ {[%clk 0:01:16]} 46. Kf4
{[%clk 0:04:01]} h5 {[%clk 0:01:25]} 47. b5 {[%clk 0:04:03]} Kf6 {[%clk 0:01:31]}
48. b6 {[%clk 0:03:52]} a6 {[%clk 0:01:29]} 49. Rc1 {[%clk 0:03:56]} Be8
{[%clk 0:01:39]} 50. Rh1 {[%clk 0:03:12]} Rh7 {[%clk 0:01:40]} 51. e4
{[%clk 0:03:18]} dxe4 {[%clk 0:01:42]} 52. Bxe4 {[%clk 0:03:27]} Re7
{[%clk 0:01:48]} 53. Rd1 {[%clk 0:03:25]} Kg7 {[%clk 0:00:44]} 54. Rd6
{[%clk 0:03:22]} Rf7 {[%clk 0:00:40]} 55. Bd5 {[%clk 0:03:08]} Rf8
{[%clk 0:00:44]} 56. Bxb7 {[%clk 0:02:48]} g3 57. f6+ Rxf6+ {[%clk 0:00:32]} 58.
Rxf6 {[%clk 0:02:57]} Kxf6 {[%clk 0:00:41]} 59. Kxg3 {[%clk 0:02:43]} Ke7 60. c6
{[%clk 0:02:48]} Kd6 {[%clk 0:00:16]} 61. c7 Ke5 {[%clk 0:15:10]} 62. Be4 1-0

[Event "TeamRussiawomen"]
[Site "?"]
[Date "2016.10.06"]
[Round "5.7"]
[White "Nebolsina, Vera"]
[Black "Ruchieva, Natalia"]
[Result "1-0"]
[LiveChessVersion "1.4.4"]
[BlackElo "2247"]
[WhiteElo "2234"]

1. Nf3 {[%clk 0:15:16]} d5 {[%clk 0:15:09]} 2. g3 {[%clk 0:15:23]} Nf6
{[%clk 0:15:15]} 3. Bg2 {[%clk 0:15:31]} Bf5 {[%clk 0:15:13]} 4. O-O
{[%clk 0:15:21]} e6 {[%clk 0:15:11]} 5. d4 {[%clk 0:15:25]} c6 {[%clk 0:14:41]}
6. c4 {[%clk 0:15:14]} h6 {[%clk 0:13:15]} 7. Qb3 {[%clk 0:15:14]} Qb6
{[%clk 0:13:21]} 8. c5 {[%clk 0:15:10]} Qxb3 {[%clk 0:13:27]} 9. axb3
{[%clk 0:15:18]} Nbd7 {[%clk 0:12:16]} 10. b4 {[%clk 0:14:56]} a6
{[%clk 0:12:22]} 11. Bd2 {[%clk 0:14:49]} Ne4 {[%clk 0:10:56]} 12. Bc3
{[%clk 0:14:44]} Be7 {[%clk 0:10:45]} 13. Nbd2 {[%clk 0:13:42]} Nxc3
{[%clk 0:09:53]} 14. bxc3 {[%clk 0:13:50]} O-O {[%clk 0:09:55]} 15. Rfe1
{[%clk 0:12:39]} Bh7 {[%clk 0:09:20]} 16. e4 dxe4 {[%clk 0:08:29]} 17. Nxe4
{[%clk 0:10:48]} Bxe4 {[%clk 0:08:19]} 18. Rxe4 {[%clk 0:10:55]} Nf6
{[%clk 0:08:27]} 19. Re2 {[%clk 0:10:21]} Nd5 {[%clk 0:08:26]} 20. Rc2
{[%clk 0:10:13]} Bf6 {[%clk 0:08:17]} 21. Rb1 {[%clk 0:09:43]} Rfd8
{[%clk 0:07:39]} 22. Kf1 {[%clk 0:08:05]} Nc7 {[%clk 0:06:21]} 23. Ke1
{[%clk 0:06:01]} Nb5 {[%clk 0:05:42]} 24. Bf1 {[%clk 0:05:54]} Na3
{[%clk 0:05:49]} 25. Rbc1 {[%clk 0:05:53]} Nxc2+ {[%clk 0:05:56]} 26. Rxc2
{[%clk 0:06:02]} Re8 {[%clk 0:05:38]} 27. Bc4 {[%clk 0:05:53]} Rad8
{[%clk 0:04:25]} 28. Re2 {[%clk 0:05:50]} Re7 {[%clk 0:03:35]} 29. Nd2
{[%clk 0:05:44]} e5 {[%clk 0:03:29]} 30. Ne4 {[%clk 0:05:52]} Rdd7
{[%clk 0:03:24]} 31. dxe5 {[%clk 0:04:51]} Bxe5 {[%clk 0:03:24]} 32. f4
{[%clk 0:04:53]} Bc7 {[%clk 0:03:22]} 33. Kf2 {[%clk 0:04:42]} Kf8
{[%clk 0:03:17]} 34. f5 {[%clk 0:04:27]} Re5 {[%clk 0:03:00]} 35. g4
{[%clk 0:04:28]} Re8 {[%clk 0:03:03]} 36. Kf3 {[%clk 0:04:23]} Rd1
{[%clk 0:02:54]} 37. Rb2 {[%clk 0:03:17]} Rh1 {[%clk 0:02:40]} 38. Rd2
{[%clk 0:02:39]} Rxh2 {[%clk 0:02:34]} 39. Nf2 {[%clk 0:02:47]} h5
{[%clk 0:02:23]} 40. g5 {[%clk 0:02:55]} Rh4 {[%clk 0:02:27]} 41. Bd3
{[%clk 0:02:24]} Bf4 {[%clk 0:02:21]} 42. Rd1 {[%clk 0:01:36]} Bxg5
{[%clk 0:02:25]} 43. Kg3 {[%clk 0:01:45]} Re3+ {[%clk 0:02:26]} 44. Kg2
{[%clk 0:01:53]} Rf4 {[%clk 0:02:15]} 45. c4 {[%clk 0:01:17]} Bh4
{[%clk 0:02:09]} 46. Nh1 {[%clk 0:00:53]} Rff3 {[%clk 0:01:50]} 47. Bf1
{[%clk 0:00:46]} Rxf5 {[%clk 0:01:45]} 48. Rd7 {[%clk 0:00:49]} Rg5+
{[%clk 0:01:23]} 49. Kh2 {[%clk 0:00:53]} Re1 {[%clk 0:01:23]} 50. Bd3
{[%clk 0:00:40]} Rd1 {[%clk 0:01:21]} 51. Rd6 {[%clk 0:00:41]} Rgg1
{[%clk 0:01:23]} 52. Be4 {[%clk 0:00:41]} Bg3+ {[%clk 0:01:28]} 53. Nxg3
{[%clk 0:00:46]} h4 {[%clk 0:01:24]} 54. Nf5 {[%clk 0:00:50]} Rge1
{[%clk 0:01:29]} 55. Bf3 {[%clk 0:00:51]} Rc1 {[%clk 0:01:10]} 56. Rd8+
{[%clk 0:00:53]} Re8 {[%clk 0:01:18]} 57. Rd7 {[%clk 0:00:59]} Rxc4
{[%clk 0:01:18]} 58. Nd6 {[%clk 0:01:07]} Rc2+ {[%clk 0:01:26]} 59. Kh3
{[%clk 0:01:16]} Re3 {[%clk 0:01:27]} 60. Rd8+ {[%clk 0:01:21]} Ke7
{[%clk 0:01:35]} 61. Re8+ {[%clk 0:01:30]} Kf6 {[%clk 0:01:44]} 62. Rxe3
{[%clk 0:01:38]} Rb2 {[%clk 0:01:52]} 63. Re4 {[%clk 0:01:41]} g5
{[%clk 0:02:00]} 64. Nxb7 {[%clk 0:01:39]} Rb3 {[%clk 0:02:07]} 65. Kg2
{[%clk 0:01:27]} h3+ {[%clk 0:02:07]} 66. Kf2 {[%clk 0:01:29]} h2
{[%clk 0:02:12]} 67. Bh1 {[%clk 0:01:25]} Kg7 {[%clk 0:02:03]} 68. Na5
{[%clk 0:01:26]} Rb2+ {[%clk 0:02:09]} 69. Kg3 {[%clk 0:01:19]} f5
{[%clk 0:02:17]} 70. Re7+ {[%clk 0:01:16]} Kf6 {[%clk 0:02:26]} 71. Nxc6
{[%clk 0:01:19]} f4+ {[%clk 0:02:23]} 72. Kh3 {[%clk 0:01:02]} f3
{[%clk 0:02:23]} 73. Re1 {[%clk 0:00:54]} g4+ {[%clk 0:01:22]} 74. Kxg4
{[%clk 0:00:43]} Rg2+ {[%clk 0:01:26]} 75. Kxf3 {[%clk 0:00:51]} Rg1
{[%clk 0:01:34]} 76. Kf2 {[%clk 0:01:01]} Rg4 {[%clk 0:01:39]} 77. Ra1
{[%clk 0:00:56]} Kg5 {[%clk 0:01:30]} 78. Rxa6 {[%clk 0:00:52]} Rg1
{[%clk 0:01:38]} 79. Bg2 {[%clk 0:00:47]} Rb1 {[%clk 0:01:38]} 80. Ra2
{[%clk 0:00:34]} Kf4 {[%clk 0:01:42]} 81. Rd2 {[%clk 0:00:36]} Kf5
{[%clk 0:01:31]} 82. Rd5+ {[%clk 0:00:36]} Ke6 {[%clk 0:01:36]} 83. Rd6+
{[%clk 0:00:44]} Kf5 {[%clk 0:01:44]} 84. Rd5+ {[%clk 0:00:52]} Kf4
{[%clk 0:01:52]} 85. Rd4+ {[%clk 0:01:01]} Kg5 {[%clk 0:02:00]} 86. Rd2
{[%clk 0:01:07]} Kf4 {[%clk 0:02:07]} 87. Re2 {[%clk 0:01:15]} Kg5
{[%clk 0:02:11]} 88. Re1 {[%clk 0:01:21]} Rb2+ {[%clk 0:02:20]} 89. Kg3
{[%clk 0:01:25]} 1-0

[Event "TeamRussiawomen"]
[Site "?"]
[Date "2016.10.06"]
[Round "5.8"]
[White "Potapova, Margarita"]
[Black "Markelova, Lubov"]
[Result "0-1"]
[LiveChessVersion "1.4.4"]
[BlackElo "2107"]
[WhiteElo "2002"]

1. d4 {[%clk 0:15:18]} d5 {[%clk 0:15:19]} 2. Bf4 {[%clk 0:15:26]} Nf6
{[%clk 0:14:34]} 3. e3 {[%clk 0:15:33]} c5 {[%clk 0:14:37]} 4. Nc3
{[%clk 0:15:39]} a6 {[%clk 0:14:27]} 5. Nf3 {[%clk 0:15:33]} cxd4
{[%clk 0:14:05]} 6. exd4 {[%clk 0:15:39]} Nc6 {[%clk 0:13:17]} 7. Be2
{[%clk 0:15:04]} Bf5 {[%clk 0:12:41]} 8. O-O {[%clk 0:13:55]} e6 {[%clk 0:12:43]}
9. a3 {[%clk 0:12:57]} Be7 {[%clk 0:11:52]} 10. Re1 {[%clk 0:12:53]} O-O
{[%clk 0:11:14]} 11. b4 {[%clk 0:12:14]} b5 {[%clk 0:09:55]} 12. Nb1
{[%clk 0:11:47]} Qb6 {[%clk 0:09:03]} 13. c3 {[%clk 0:11:24]} Ne4
{[%clk 0:06:42]} 14. Bd3 {[%clk 0:10:25]} a5 {[%clk 0:06:14]} 15. Bxe4
{[%clk 0:06:31]} Bxe4 {[%clk 0:05:56]} 16. Nbd2 {[%clk 0:06:28]} Bg6
{[%clk 0:04:01]} 17. Nb3 {[%clk 0:06:11]} axb4 {[%clk 0:04:01]} 18. axb4
{[%clk 0:05:42]} Ra7 {[%clk 0:03:59]} 19. Qd2 {[%clk 0:04:15]} Rfa8
{[%clk 0:03:43]} 20. Qb2 {[%clk 0:04:07]} Ra4 {[%clk 0:02:19]} 21. Ne5
{[%clk 0:03:01]} Nxe5 {[%clk 0:02:06]} 22. Bxe5 {[%clk 0:03:10]} R8a7
{[%clk 0:00:55]} 23. Na5 {[%clk 0:02:30]} Rxa1 {[%clk 0:00:51]} 24. Rxa1
{[%clk 0:02:36]} Ra6 {[%clk 0:00:35]} 25. Ra2 {[%clk 0:01:45]} Qa7
{[%clk 0:00:31]} 26. Qc1 {[%clk 0:01:47]} Qa8 {[%clk 0:00:32]} 27. Qf4
{[%clk 0:01:27]} Bd3 {[%clk 0:00:15]} 28. Qg3 {[%clk 0:01:11]} Bg6
{[%clk 0:00:22]} 29. h4 {[%clk 0:01:15]} h5 {[%clk 0:00:27]} 30. Kh2
{[%clk 0:01:08]} Qd8 {[%clk 0:00:21]} 31. Nb7 {[%clk 0:00:34]} Qa8
{[%clk 0:00:13]} 32. Rxa6 {[%clk 0:00:33]} Qxa6 {[%clk 0:00:22]} 33. Na5
{[%clk 0:00:42]} Qc8 {[%clk 0:00:28]} 34. Bb8 {[%clk 0:00:15]} Bxh4
{[%clk 0:00:27]} 35. Qc7 {[%clk 0:00:21]} Qxc7+ {[%clk 0:00:30]} 36. Bxc7
{[%clk 0:00:30]} Bxf2 {[%clk 0:00:38]} 37. Bg3 {[%clk 0:00:29]} Bxg3+
{[%clk 0:00:33]} 38. Kxg3 {[%clk 0:00:38]} Kf8 {[%clk 0:00:33]} 39. Nc6
{[%clk 0:00:42]} Bd3 {[%clk 0:00:38]} 40. Kf4 {[%clk 0:00:47]} f6
{[%clk 0:00:30]} 41. Nb8 {[%clk 0:00:24]} g5+ {[%clk 0:00:30]} 42. Kg3
{[%clk 0:00:33]} Kf7 {[%clk 0:00:24]} 43. Nd7 {[%clk 0:00:39]} Ke7
{[%clk 0:00:17]} 44. Nc5 {[%clk 0:00:46]} Bf1 {[%clk 0:00:20]} 45. Kf2
{[%clk 0:00:54]} Bc4 {[%clk 0:00:26]} 46. Ke3 {[%clk 0:00:57]} e5
{[%clk 0:00:24]} 47. dxe5 {[%clk 0:00:59]} fxe5 {[%clk 0:00:32]} 48. Kf3
{[%clk 0:00:59]} Kf6 {[%clk 0:00:19]} 49. Nb7 {[%clk 0:00:38]} Bd3
{[%clk 0:00:13]} 50. Nc5 {[%clk 0:00:36]} Bc4 {[%clk 0:00:21]} 51. Nb7
{[%clk 0:00:44]} g4+ {[%clk 0:00:25]} 52. Kg3 {[%clk 0:00:48]} Kg5
{[%clk 0:00:34]} 53. Nd6 {[%clk 0:00:53]} h4+ {[%clk 0:00:41]} 54. Kf2
{[%clk 0:01:02]} Kf4 {[%clk 0:00:47]} 55. Ne8 {[%clk 0:00:48]} e4
{[%clk 0:00:47]} 56. Ng7 {[%clk 0:00:55]} e3+ {[%clk 0:00:53]} 57. Ke1
{[%clk 0:00:54]} h3 {[%clk 0:00:50]} 0-1

[Event "TeamRussiawomen"]
[Site "?"]
[Date "2016.10.06"]
[Round "5.9"]
[White "Pogonina, Natalija"]
[Black "Afanasieva, Alexandra"]
[Result "1-0"]
[LiveChessVersion "1.4.4"]
[BlackElo "1843"]
[WhiteElo "2458"]

1. d4 {[%clk 0:15:18]} Nf6 {[%clk 0:15:19]} 2. c4 {[%clk 0:15:26]} e6
{[%clk 0:15:28]} 3. Nf3 {[%clk 0:15:34]} d5 {[%clk 0:15:28]} 4. g3
{[%clk 0:15:42]} Be7 {[%clk 0:15:31]} 5. Bg2 {[%clk 0:15:46]} O-O
{[%clk 0:15:38]} 6. O-O {[%clk 0:15:52]} c6 {[%clk 0:15:44]} 7. Qc2
{[%clk 0:15:42]} Nbd7 {[%clk 0:15:50]} 8. Bf4 {[%clk 0:15:37]} b6
{[%clk 0:15:15]} 9. Rd1 {[%clk 0:15:31]} Bb7 {[%clk 0:15:11]} 10. Ne5
{[%clk 0:15:33]} Nxe5 {[%clk 0:11:59]} 11. dxe5 {[%clk 0:15:41]} Nd7
{[%clk 0:12:00]} 12. cxd5 {[%clk 0:15:49]} cxd5 {[%clk 0:12:02]} 13. e4
{[%clk 0:15:57]} dxe4 {[%clk 0:11:08]} 14. Bxe4 {[%clk 0:16:04]} Bxe4
{[%clk 0:11:16]} 15. Qxe4 {[%clk 0:16:12]} Qc7 {[%clk 0:10:17]} 16. Nc3
{[%clk 0:14:48]} Nc5 {[%clk 0:10:00]} 17. Qe2 {[%clk 0:12:40]} Rad8
{[%clk 0:04:35]} 18. Nb5 {[%clk 0:12:12]} Qb8 {[%clk 0:04:42]} 19. b4
{[%clk 0:11:20]} Nb7 {[%clk 0:04:42]} 20. Nd4 {[%clk 0:11:06]} Rc8
{[%clk 0:03:47]} 21. Rac1 {[%clk 0:07:42]} Rxc1 {[%clk 0:02:00]} 22. Rxc1
{[%clk 0:07:50]} Qd8 {[%clk 0:01:44]} 23. Nc6 Qd7 24. Qa6 {[%clk 0:06:24]} Nd8
{[%clk 0:00:47]} 25. Nxa7 {[%clk 0:05:58]} Bxb4 {[%clk 0:00:46]} 26. Qxb6
{[%clk 0:06:01]} Qa4 {[%clk 0:00:37]} 27. Nc8 Ba5 {[%clk 0:00:30]} 28. Qb1
{[%clk 0:05:10]} Nc6 {[%clk 0:00:27]} 29. Rxc6 {[%clk 0:05:06]} Bb4
{[%clk 0:00:15]} 30. Rc4 {[%clk 0:05:04]} Qa6 {[%clk 0:00:14]} 31. Qxb4
{[%clk 0:04:53]} Rxc8 {[%clk 0:00:14]} 32. Rxc8+ {[%clk 0:04:53]} Qxc8
{[%clk 0:00:23]} 33. a4 {[%clk 0:05:02]} Qd8 {[%clk 0:15:10]} 1-0

[Event "TeamRussiawomen"]
[Site "?"]
[Date "2016.10.06"]
[Round "5.10"]
[White "Girshgorn, Maria"]
[Black "Mkrtchian, Lilit"]
[Result "0-1"]
[LiveChessVersion "1.4.4"]
[BlackElo "2425"]
[WhiteElo "1738"]

1. d4 {[%clk 0:15:18]} Nf6 {[%clk 0:15:18]} 2. c4 {[%clk 0:15:27]} e6
{[%clk 0:15:24]} 3. Nc3 {[%clk 0:15:36]} Bb4 {[%clk 0:15:27]} 4. Bg5
{[%clk 0:15:44]} c5 {[%clk 0:14:47]} 5. Nf3 {[%clk 0:14:31]} cxd4
{[%clk 0:13:00]} 6. Nxd4 {[%clk 0:14:13]} Qa5 {[%clk 0:13:04]} 7. Bd2
{[%clk 0:14:11]} Qb6 {[%clk 0:12:27]} 8. Nb3 {[%clk 0:13:59]} O-O
{[%clk 0:11:49]} 9. e3 {[%clk 0:13:42]} a6 {[%clk 0:10:44]} 10. Bd3
{[%clk 0:12:38]} Qc7 {[%clk 0:09:41]} 11. O-O {[%clk 0:11:41]} Bd6
{[%clk 0:09:31]} 12. h3 {[%clk 0:11:08]} b6 {[%clk 0:08:57]} 13. Ne4
{[%clk 0:08:54]} Nxe4 {[%clk 0:07:20]} 14. Bxe4 {[%clk 0:09:02]} Nc6
{[%clk 0:07:22]} 15. Bc3 {[%clk 0:08:17]} f5 {[%clk 0:07:25]} 16. Bf3
{[%clk 0:07:51]} Rb8 {[%clk 0:06:54]} 17. Rc1 {[%clk 0:06:55]} Ne5
{[%clk 0:06:11]} 18. Bxe5 {[%clk 0:06:43]} Bxe5 {[%clk 0:06:20]} 19. Nd4
{[%clk 0:06:51]} f4 {[%clk 0:04:58]} 20. exf4 {[%clk 0:05:47]} Rxf4
{[%clk 0:04:50]} 21. Ne2 {[%clk 0:04:54]} Rxc4 {[%clk 0:03:58]} 22. Rxc4
{[%clk 0:04:38]} Qxc4 {[%clk 0:04:07]} 23. b3 {[%clk 0:04:46]} Qc5
{[%clk 0:03:39]} 24. Qd3 {[%clk 0:04:38]} d5 {[%clk 0:03:48]} 25. Qe3
{[%clk 0:03:20]} Qxe3 {[%clk 0:03:50]} 26. fxe3 {[%clk 0:03:29]} Bd7
{[%clk 0:03:44]} 27. Rc1 {[%clk 0:02:52]} Rc8 {[%clk 0:03:46]} 28. Rxc8+
{[%clk 0:02:49]} Bxc8 {[%clk 0:03:55]} 29. Nd4 {[%clk 0:02:57]} Kf7
{[%clk 0:03:48]} 30. Kf2 {[%clk 0:02:48]} Bd7 {[%clk 0:03:21]} 31. Ke2
{[%clk 0:02:43]} Ke7 {[%clk 0:03:29]} 32. Kd3 {[%clk 0:02:53]} Kd6
{[%clk 0:03:39]} 33. b4 {[%clk 0:02:48]} Bf6 {[%clk 0:03:46]} 34. Bg4
{[%clk 0:02:24]} g6 {[%clk 0:03:19]} 35. a3 {[%clk 0:02:06]} h5 {[%clk 0:03:27]}
36. Be2 {[%clk 0:02:09]} e5 {[%clk 0:03:30]} 37. Nb3 {[%clk 0:02:14]} Ba4
{[%clk 0:03:05]} 38. Nc1 {[%clk 0:01:53]} e4+ {[%clk 0:02:19]} 39. Kd2
{[%clk 0:01:55]} b5 {[%clk 0:01:10]} 40. Na2 {[%clk 0:01:57]} Bb2
{[%clk 0:01:16]} 41. Nc3 {[%clk 0:02:06]} Bb3 {[%clk 0:01:20]} 42. Nb1
{[%clk 0:01:43]} Ke5 {[%clk 0:01:19]} 43. Bd1 {[%clk 0:01:39]} Bc4
{[%clk 0:01:07]} 44. Kc2 {[%clk 0:01:33]} Ba1 {[%clk 0:01:14]} 45. h4
{[%clk 0:01:36]} d4 {[%clk 0:01:17]} 46. exd4+ {[%clk 0:01:44]} Kxd4
{[%clk 0:01:22]} 47. Nd2 {[%clk 0:01:50]} Bd3+ {[%clk 0:01:28]} 48. Kc1
{[%clk 0:01:46]} Ke5 {[%clk 0:00:57]} 49. Nb3 {[%clk 0:01:45]} Bc3
{[%clk 0:00:58]} 50. Nc5 {[%clk 0:01:52]} Bf1 {[%clk 0:01:04]} 51. g3
{[%clk 0:01:58]} e3 {[%clk 0:01:08]} 52. Kc2 {[%clk 0:02:01]} Bd4
{[%clk 0:01:12]} 53. Nd3+ {[%clk 0:01:52]} Ke4 {[%clk 0:01:16]} 54. Ne1
{[%clk 0:02:01]} e2 {[%clk 0:01:20]} 55. Bxe2 {[%clk 0:02:05]} Bxe2
{[%clk 0:01:29]} 56. Kd2 {[%clk 0:02:14]} Bg4 {[%clk 0:01:35]} 0-1

[Event "TeamRussiawomen"]
[Site "?"]
[Date "2016.10.06"]
[Round "5.11"]
[White "Nechaeva, Marina"]
[Black "Vyrtosu, Natalia"]
[Result "1-0"]
[LiveChessVersion "1.4.4"]
[BlackElo "1640"]
[WhiteElo "2425"]

1. d4 {[%clk 0:15:19]} f5 {[%clk 0:15:17]} 2. c4 {[%clk 0:15:27]} e6
{[%clk 0:15:20]} 3. Nc3 {[%clk 0:15:34]} Nf6 {[%clk 0:15:29]} 4. e3
{[%clk 0:15:42]} d5 {[%clk 0:15:34]} 5. Bd3 {[%clk 0:15:50]} c6 {[%clk 0:15:38]}
6. Nge2 {[%clk 0:15:58]} Bd6 {[%clk 0:15:34]} 7. f3 {[%clk 0:16:03]} Nbd7
{[%clk 0:15:27]} 8. O-O {[%clk 0:16:10]} O-O {[%clk 0:15:35]} 9. Bd2
{[%clk 0:16:15]} a6 {[%clk 0:15:33]} 10. c5 {[%clk 0:16:05]} Be7 {[%clk 0:15:17]}
11. e4 {[%clk 0:16:01]} g6 {[%clk 0:14:56]} 12. exf5 {[%clk 0:15:43]} exf5
{[%clk 0:15:02]} 13. Nf4 {[%clk 0:15:50]} Nb8 {[%clk 0:14:50]} 14. Re1
{[%clk 0:15:42]} Re8 {[%clk 0:14:52]} 15. Na4 {[%clk 0:15:47]} Bf8
{[%clk 0:14:39]} 16. Nb6 {[%clk 0:15:43]} Ra7 {[%clk 0:13:41]} 17. Rxe8
{[%clk 0:14:11]} Nxe8 {[%clk 0:13:22]} 18. Qe2 {[%clk 0:14:06]} Ng7
{[%clk 0:12:53]} 19. Re1 {[%clk 0:12:21]} Bd7 {[%clk 0:04:47]} 20. Nh3
{[%clk 0:10:18]} Be8 {[%clk 0:01:46]} 21. Bh6 {[%clk 0:08:09]} Bf7
{[%clk 0:01:26]} 22. Ng5 {[%clk 0:06:19]} Qc7 {[%clk 0:00:17]} 23. Qe5
{[%clk 0:04:33]} Qxe5 {[%clk 0:00:16]} 24. Rxe5 {[%clk 0:04:41]} a5
{[%clk 0:00:23]} 25. Nc8 {[%clk 0:03:56]} Ra8 {[%clk 0:00:24]} 26. Ne7+
{[%clk 0:04:04]} Bxe7 {[%clk 0:00:20]} 27. Rxe7 {[%clk 0:04:13]} 1-0